000 00982nam a22002777a 4500
001 6405
003 FISKH
005 20250429090708.0
008 250429b cb ||||| |||| 00| 0 eng d
020 _a9780545258425
040 _aFISKH
_beng
_cFISKH
_dFISKH
050 _aPZ7
082 _a813.6
100 _aElwell, Peter
245 _aOscar the (almost) butterfly /
_cby Peter Elwell
250 _aFirst Scholastic paperback printing, March 2013.
260 _aNew York :
_bScholastic,
_c2009.
300 _a32 unnumbered pages :
_bcolor illustrations ;
_c28 cm
505 _aP
520 _aDespite his friends' teasing, Oscar the caterpillar studies to prepare for becoming a butterfly and migrating to Mexico, so when things do not turn out as he expects, he is still able to make his dream come true.
521 8 _a650
_bLexile
521 8 _aP
_bRaz-Plus
650 _aBugs
_vButterflies
_xSpring
_ySelf-esteem
942 _2ddc
_cBK
_n0
999 _c6405
_d6405